000 nam a22 a 4500
999 _c2603
_d2603
005 20170517115908.0
008 170517t1982 my ||||| |||| 00| 0 eng d
020 _a63725270101
040 _aAKMAL
082 _a499.28 AZM
090 _a499.28
_bAZM
245 _aPengujian Bahasa : Kes Bahasa Malaysia
260 _aKuala Lumpur
_bDewan Bahasa & Pustaka
_c1982
260 _bKementerian Pelajaran Malaysia
300 _a77p
_c22cm
942 _2ddc
_cBOOK